000
00221nam a2200085Ia 4500
008
180219s9999 xx 000 0 und d
100
_a
Agarwal Giriraj Sharan
245
0
_a
Meain Nehru Bol Rha Hu
260
_a
"New Delhi
260
_c
Prabhat Paper Waxe"
999
_c
42652
_d
42652